| 000 | 00343nam a2200133Ia 4500 | ||
|---|---|---|---|
| 008 | 220928s9999 xx 000 0 und d | ||
| 082 | _bTRI | ||
| 100 | _aTRIPATHI, RAKESHMANI | ||
| 245 | 0 | _aJAIN AAGAMON AOUR UPNISHDON KI AACHAR MIMANSHA | |
| 260 |
_bVISHVAVIDDHYALAYA PRAKASHAN _c2011 |
||
| 300 | _a360 | ||
| 650 | _aGeneral | ||
| 942 | _cBK | ||
| 999 |
_c206196 _d206196 |
||